000 00400nam a22001577a 4500
003 OSt
005 20160523120758.0
008 160523b xxu||||| |||| 00| 0 eng d
020 _a0072899174
040 _cN/A
100 _aSeeley Rod R
245 _aAnatomy & Physiology
_cRod R Seeley, Trent D. Stephens, Philip Tate
250 _a5th ed
260 _aUSA
_bMcGraw Hill
_c2000
942 _2lcc
_cBK
999 _c253948
_d253947